000 00497nam a2200193 a 4500
001 1771297720808
003 YourLibrary
005 20260217084031.0
008 260217s1999##################000#0#eng##
020 _a9781840640373
082 0 4 _a330.1
_bLOE
100 1 _aFisher, Irving,
_eauthor.
245 1 0 _aThe Economics of Irving Fisher :
260 _c1999.
300 _a370 pages
650 0 _aBiography & Autobiography.
942 _cENGLISH
040 _aYourLibrary
_beng
_cYourLibrary
999 _c612902
_d612902